000 00685nam a2200217Ia 4500
003 GCL
008 140319s9999 xx 000 0 ara d
040 _aGCL /
_cGCL
082 0 4 _a831
_bج م
100 1 _aجوته، يوهان فولفجانج
245 1 0 _aمن حياتى الشعر والحقيقة /
_cجوته، يوهان فولفجانج
700 1 _aمحمد جديد
260 _a[S.N] :
_bوزارة الثقافة ،
_c1992
300 _a461 ص
490 _aدراسات نقدية عالمية
_v0
650 0 4 _aالادب الالمانى
650 0 4 _aالشعر الالمانى
650 0 4 _aتاريخ ونقد
650 0 4 _aجوتة
942 _2ddc
_cBK
999 _c37501
_d37501